[Event "Girls U12 Polish Youth Championship"]
[Site "chess24.com"]
[Date "2018.05.05"]
[Round "9"]
[White "Bar, Klaudia"]
[Black "Miranowska, Anna"]
[Result "1-0"]
[Board "7"]
[WhiteElo "1295"]
[WhiteCountry "POL"]
[WhiteFideId "21836337"]
[WhiteEloChange "6"]
[BlackElo "1146"]
[BlackCountry "POL"]
[BlackFideId "21847274"]
[BlackEloChange "-6"]

1. d4 {[%clk 1:30:56]} d5 {[%clk 1:30:56]} 2. c4 {[%clk 1:30:54]} e6 {[%clk
1:31:20]} 3. Nf3 {[%clk 1:30:55]} Nf6 {[%clk 1:31:29]} 4. Qc2 {[%clk 1:29:50]}
Be7 {[%clk 1:27:29]} 5. Nbd2 {[%clk 1:11:40]} O-O {[%clk 1:25:16]} 6. e4 {[%clk
1:11:30]} dxc4 {[%clk 1:18:55]} 7. Bxc4 {[%clk 1:11:03]} a6 {[%clk 1:18:20]} 8.
a4 {[%clk 1:10:26]} b6 {[%clk 1:10:19]} 9. O-O {[%clk 1:10:02]} Bb7 {[%clk
1:09:11]} 10. Re1 {[%clk 1:07:50]} c5 {[%clk 1:05:18]} 11. dxc5 {[%clk 1:05:42]}
Bxc5 {[%clk 1:05:21]} 12. Nb3 {[%clk 1:05:03]} Nbd7 {[%clk 1:01:17]} 13. Bg5
{[%clk 1:03:31]} Qc7 {[%clk 0:57:45]} 14. Bd3 {[%clk 1:02:08]} Ng4 {[%clk
0:38:40]} 15. Nxc5 {[%clk 1:01:45]} Qxc5 {[%clk 0:37:38]} 16. h3 {[%clk 0:57:23]}
Qxc2 {[%clk 0:35:40]} 17. Bxc2 {[%clk 0:57:35]} Nge5 {[%clk 0:34:29]} 18. Nd4
{[%clk 0:54:39]} Ng6 {[%clk 0:30:02]} 19. Rad1 {[%clk 0:53:34]} Rac8 {[%clk
0:28:42]} 20. Re2 {[%clk 0:50:39]} h6 {[%clk 0:22:35]} 21. Be3 {[%clk 0:44:34]}
Nf6 {[%clk 0:21:19]} 22. f3 {[%clk 0:42:33]} Rfd8 {[%clk 0:20:09]} 23. Red2
{[%clk 0:39:24]} Rc7 {[%clk 0:15:48]} 24. Nb3 {[%clk 0:38:26]} Rdc8 {[%clk
0:13:20]} 25. Bb1 {[%clk 0:36:16]} Rc6 {[%clk 0:08:45]} 26. Rd6 {[%clk 0:35:09]}
Rxd6 {[%clk 0:08:14]} 27. Rxd6 {[%clk 0:35:15]} Rc6 {[%clk 0:05:02]} 28. Rd8+
{[%clk 0:34:31]} Kh7 {[%clk 0:05:08]} 29. Rb8 {[%clk 0:34:43]} Rc7 {[%clk
0:03:58]} 30. Bxb6 {[%clk 0:34:36]} Rd7 {[%clk 0:04:04]} 31. Kh2 {[%clk 0:34:46]}
Bc6 {[%clk 0:03:22]} 32. a5 {[%clk 0:34:35]} Rb7 {[%clk 0:03:25]} 33. Rxb7 {[%clk
0:34:53]} Bxb7 {[%clk 0:03:50]} 34. Nc5 {[%clk 0:35:16]} Bc8 {[%clk 0:04:07]} 35.
Bd3 {[%clk 0:35:39]} Ne5 {[%clk 0:03:06]} 36. Be2 {[%clk 0:34:18]} Ned7 {[%clk
0:02:59]} 37. Bxa6 {[%clk 0:31:35]} Bxa6 {[%clk 0:02:03]} 38. Nxa6 {[%clk
0:31:47]} Ne8 {[%clk 0:01:40]} 39. Be3 {[%clk 0:31:51]} Nd6 {[%clk 0:01:56]} 40.
b3 {[%clk 0:31:52]} Kg8 {[%clk 0:01:53]} 41. Nc7 {[%clk 0:32:00]} Nb8 {[%clk
0:01:35]} 42. a6 {[%clk 0:32:17]} Nxa6 {[%clk 0:01:53]} 43. Nxa6 {[%clk 0:32:39]}
Kf8 {[%clk 0:02:12]} 44. Bc5 {[%clk 0:32:21]} Ke7 {[%clk 0:02:32]} 45. e5 {[%clk
0:32:30]} Kd7 {[%clk 0:02:51]} 46. exd6 {[%clk 0:32:31]} 1-0

[Event "Girls U12 Polish Youth Championship"]
[Site "chess24.com"]
[Date "2018.05.05"]
[Round "9"]
[White "Jedrzejewska, Zuzanna"]
[Black "Rejniak, Zuzanna"]
[Result "0-1"]
[Board "8"]
[WhiteElo "1152"]
[WhiteCountry "POL"]
[WhiteFideId "21833770"]
[WhiteEloChange "-3"]
[BlackElo "1458"]
[BlackCountry "POL"]
[BlackFideId "21848017"]
[BlackEloChange "3"]

1. e4 {[%clk 1:30:58]} c5 {[%clk 1:30:55]} 2. Nf3 {[%clk 1:31:17]} d6 {[%clk
1:31:20]} 3. d4 {[%clk 1:31:33]} cxd4 {[%clk 1:31:40]} 4. Nxd4 {[%clk 1:31:52]}
Nf6 {[%clk 1:32:05]} 5. Nc3 {[%clk 1:32:06]} a6 {[%clk 1:32:29]} 6. Bg5 {[%clk
1:32:25]} e6 {[%clk 1:32:11]} 7. f4 {[%clk 1:32:47]} h6 {[%clk 1:31:49]} 8. Bh4
{[%clk 1:33:02]} Be7 {[%clk 1:31:28]} 9. Qf3 {[%clk 1:32:51]} Qc7 {[%clk
1:31:13]} 10. O-O-O {[%clk 1:30:53]} Nbd7 {[%clk 1:31:12]} 11. Be2 {[%clk
1:31:02]} Rg8 {[%clk 1:25:57]} 12. Bg3 {[%clk 1:30:56]} g5 {[%clk 1:17:41]} 13.
e5 {[%clk 1:29:40]} dxe5 {[%clk 1:16:56]} 14. fxe5 {[%clk 1:29:35]} Nxe5 {[%clk
1:08:24]} 15. Qe3 {[%clk 1:25:43]} Nfd7 {[%clk 0:58:15]} 16. Ndb5 {[%clk
1:15:09]} axb5 {[%clk 0:57:16]} 17. Nxb5 {[%clk 1:14:22]} Qb8 {[%clk 0:54:48]}
18. Rxd7 {[%clk 1:12:09]} Bxd7 {[%clk 0:54:53]} 19. Bxe5 {[%clk 1:11:44]} Qc8
{[%clk 0:52:59]} 20. Nc7+ {[%clk 1:11:37]} Kf8 {[%clk 0:52:44]} 21. Nxa8 {[%clk
1:11:33]} Qxa8 {[%clk 0:53:06]} 22. a3 {[%clk 1:05:24]} b5 {[%clk 0:45:47]} 23.
Rd1 {[%clk 0:58:40]} Bc6 {[%clk 0:44:56]} 24. g3 {[%clk 0:55:17]} b4 {[%clk
0:41:18]} 25. Bd6 {[%clk 0:50:45]} Bxd6 {[%clk 0:31:47]} 26. Rxd6 {[%clk
0:50:47]} bxa3 {[%clk 0:28:48]} 27. Qxa3 {[%clk 0:51:00]} Qxa3 {[%clk 0:28:08]}
28. bxa3 {[%clk 0:51:13]} Be8 {[%clk 0:25:56]} 29. c4 {[%clk 0:45:01]} Ke7 {[%clk
0:25:17]} 30. c5 {[%clk 0:44:15]} Bd7 {[%clk 0:24:47]} 31. Ra6 {[%clk 0:40:51]}
Rc8 {[%clk 0:24:06]} 32. Ra5 {[%clk 0:40:17]} f5 {[%clk 0:20:08]} 33. Kd2 {[%clk
0:37:49]} Kf6 {[%clk 0:17:38]} 34. Bf3 {[%clk 0:36:42]} Bc6 {[%clk 0:17:29]} 35.
Bxc6 {[%clk 0:32:37]} Rxc6 {[%clk 0:17:54]} 36. a4 {[%clk 0:32:12]} Ke5 {[%clk
0:18:18]} 37. Ra8 {[%clk 0:24:44]} Rxc5 {[%clk 0:18:36]} 38. a5 {[%clk 0:24:17]}
Kd4 {[%clk 0:12:28]} 39. a6 {[%clk 0:22:14]} Ra5 {[%clk 0:12:44]} 40. a7 {[%clk
0:22:04]} Ke4 {[%clk 0:13:09]} 41. Re8 {[%clk 0:20:35]} Ra2+ {[%clk 0:13:31]} 42.
Kc1 {[%clk 0:20:31]} Rxa7 {[%clk 0:13:56]} 43. Rxe6+ {[%clk 0:20:28]} Kf3 {[%clk
0:14:21]} 44. Rxh6 {[%clk 0:19:49]} g4 {[%clk 0:14:29]} 45. Kd2 {[%clk 0:19:31]}
Re7 {[%clk 0:14:12]} 46. Kd3 {[%clk 0:19:40]} Rd7+ {[%clk 0:13:27]} 47. Kc4
{[%clk 0:19:43]} Kg2 {[%clk 0:13:44]} 48. Kc3 {[%clk 0:19:34]} Rd1 {[%clk
0:14:11]} 49. Rh5 {[%clk 0:16:19]} Rh1 {[%clk 0:14:01]} 50. Kd3 {[%clk 0:16:25]}
Rxh2 {[%clk 0:14:18]} 51. Rxf5 {[%clk 0:16:44]} Kxg3 {[%clk 0:14:42]} 52. Ke3
{[%clk 0:16:42]} Rh7 {[%clk 0:14:03]} 53. Ke2 {[%clk 0:16:16]} Kg2 {[%clk
0:14:26]} 54. Rf2+ {[%clk 0:16:12]} Kg3 {[%clk 0:14:33]} 55. Rf5 {[%clk 0:15:48]}
Rh1 {[%clk 0:14:20]} 56. Rf6 {[%clk 0:14:25]} Kh3 {[%clk 0:13:25]} 57. Rh6+
{[%clk 0:14:43]} Kg2 {[%clk 0:13:50]} 58. Rf6 {[%clk 0:14:50]} g3 {[%clk
0:14:07]} 59. Rf5 {[%clk 0:14:34]} Rh7 {[%clk 0:14:27]} 60. Ke3 {[%clk 0:14:26]}
Kg1 {[%clk 0:13:26]} 61. Kf3 {[%clk 0:14:49]} g2 {[%clk 0:13:32]} 62. Rg5 {[%clk
0:12:54]} Kh1 {[%clk 0:13:04]} 63. Rxg2 {[%clk 0:12:00]} Rf7+ {[%clk 0:13:29]}
64. Kg3 {[%clk 0:12:20]} Rg7+ {[%clk 0:13:55]} 65. Kh3 {[%clk 0:12:38]} Rxg2
{[%clk 0:14:20]} 66. Kh4 {[%clk 0:12:58]} Kg1 {[%clk 0:14:41]} 67. Kh5 {[%clk
0:13:19]} Kf2 {[%clk 0:15:06]} 68. Kh6 {[%clk 0:13:40]} Kf3 {[%clk 0:15:20]} 69.
Kh7 {[%clk 0:14:04]} Kf4 {[%clk 0:15:41]} 70. Kh8 {[%clk 0:14:31]} Kf5 {[%clk
0:16:01]} 71. Kh7 {[%clk 0:14:53]} Kf6 {[%clk 0:16:26]} 72. Kh8 {[%clk 0:15:13]}
Kf7 {[%clk 0:16:51]} 73. Kh7 {[%clk 0:15:32]} Rh2# {[%clk 0:17:15]} 0-1

[Event "Girls U12 Polish Youth Championship"]
[Site "chess24.com"]
[Date "2018.05.05"]
[Round "9"]
[White "Obrochta, Lena"]
[Black "Palejko, Maria"]
[Result "1-0"]
[Board "9"]
[WhiteElo "1342"]
[WhiteCountry "POL"]
[WhiteFideId "21836477"]
[WhiteEloChange "9"]
[BlackElo "1294"]
[BlackCountry "POL"]
[BlackFideId "21838208"]
[BlackEloChange "-9"]

1. e4 {[%clk 1:30:58]} c5 {[%clk 1:30:54]} 2. Nc3 {[%clk 1:31:21]} e6 {[%clk
1:31:01]} 3. f4 {[%clk 1:31:36]} Nc6 {[%clk 1:30:50]} 4. Nf3 {[%clk 1:31:34]} a6
{[%clk 1:30:55]} 5. d3 {[%clk 1:31:25]} b5 {[%clk 1:30:09]} 6. Bd2 {[%clk
1:30:43]} Qc7 {[%clk 1:28:21]} 7. Ne2 {[%clk 1:29:24]} Bb7 {[%clk 1:27:17]} 8.
Ng3 {[%clk 1:27:19]} Nf6 {[%clk 1:24:14]} 9. Be2 {[%clk 1:26:22]} Be7 {[%clk
1:22:34]} 10. O-O {[%clk 1:26:05]} b4 {[%clk 1:14:25]} 11. Kh1 {[%clk 1:24:30]}
h5 {[%clk 0:56:31]} 12. e5 {[%clk 1:11:29]} Nd5 {[%clk 0:50:48]} 13. Ne4 {[%clk
1:08:41]} g6 {[%clk 0:44:07]} 14. c3 {[%clk 0:56:12]} a5 {[%clk 0:38:06]} 15.
cxb4 {[%clk 0:50:55]} cxb4 {[%clk 0:36:36]} 16. a3 {[%clk 0:37:53]} Qb6 {[%clk
0:33:02]} 17. Ne1 {[%clk 0:28:17]} f5 {[%clk 0:27:30]} 18. exf6 {[%clk 0:26:19]}
Nxf6 {[%clk 0:24:27]} 19. Bf3 {[%clk 0:24:01]} Nxe4 {[%clk 0:15:29]} 20. dxe4
{[%clk 0:20:16]} Ba6 {[%clk 0:14:15]} 21. Be2 {[%clk 0:18:01]} Bxe2 {[%clk
0:12:50]} 22. Qxe2 {[%clk 0:18:02]} Qa6 {[%clk 0:12:13]} 23. Qf2 {[%clk 0:14:41]}
Bc5 {[%clk 0:11:11]} 24. Qf3 {[%clk 0:13:19]} Nd4 {[%clk 0:10:28]} 25. Qd3 {[%clk
0:13:21]} Nb3 {[%clk 0:09:24]} 26. Rd1 {[%clk 0:10:52]} Nxd2 {[%clk 0:07:17]} 27.
Rxd2 {[%clk 0:11:03]} bxa3 {[%clk 0:05:50]} 28. Qxd7+ {[%clk 0:11:19]} Kf8 {[%clk
0:05:57]} 29. Rf3 {[%clk 0:11:11]} axb2 {[%clk 0:02:36]} 30. f5 {[%clk 0:10:09]}
Ra7 {[%clk 0:01:28]} 31. fxe6+ {[%clk 0:06:58]} Kg8 {[%clk 0:01:43]} 32. Qe8+
{[%clk 0:07:02]} Kh7 {[%clk 0:01:54]} 33. Rf7+ {[%clk 0:07:24]} Rxf7 {[%clk
0:02:02]} 34. Qxf7+ {[%clk 0:07:50]} Kh6 {[%clk 0:02:14]} 35. Qf4+ {[%clk
0:08:00]} g5 {[%clk 0:00:37]} 36. Qf6+ {[%clk 0:08:13]} Kh7 {[%clk 0:00:44]} 37.
Rd7+ {[%clk 0:08:31]} 1-0

[Event "Girls U12 Polish Youth Championship"]
[Site "chess24.com"]
[Date "2018.05.05"]
[Round "9"]
[White "Bialek, Alicja"]
[Black "Szczotka, Matylda"]
[Result "1-0"]
[Board "10"]
[WhiteElo "1315"]
[WhiteCountry "POL"]
[WhiteFideId "21836345"]
[WhiteEloChange "7"]
[BlackElo "1204"]
[BlackCountry "POL"]
[BlackFideId "21858918"]
[BlackEloChange "-7"]

1. e4 {[%clk 1:30:58]} e5 {[%clk 1:30:56]} 2. Nf3 {[%clk 1:31:23]} Nc6 {[%clk
1:31:21]} 3. Nc3 {[%clk 1:31:48]} Nf6 {[%clk 1:31:42]} 4. Bb5 {[%clk 1:31:57]}
Bd6 {[%clk 1:29:21]} 5. O-O {[%clk 1:30:44]} a6 {[%clk 1:28:09]} 6. Bc4 {[%clk
1:16:15]} Bc5 {[%clk 1:23:22]} 7. d3 {[%clk 1:13:01]} h6 {[%clk 1:19:40]} 8. Be3
{[%clk 0:53:00]} Ba7 {[%clk 1:17:36]} 9. Bxa7 {[%clk 0:52:41]} Rxa7 {[%clk
1:17:15]} 10. d4 {[%clk 0:45:16]} exd4 {[%clk 0:59:45]} 11. Nxd4 {[%clk 0:45:31]}
Ne5 {[%clk 0:58:23]} 12. Bb3 {[%clk 0:44:54]} d6 {[%clk 0:57:10]} 13. Re1 {[%clk
0:40:58]} O-O {[%clk 0:55:03]} 14. f4 {[%clk 0:39:18]} Ng6 {[%clk 0:52:10]} 15.
Qd2 {[%clk 0:32:53]} Re8 {[%clk 0:47:16]} 16. f5 {[%clk 0:30:08]} Ne5 {[%clk
0:45:04]} 17. a3 {[%clk 0:28:16]} Nh7 {[%clk 0:42:56]} 18. Qf4 {[%clk 0:25:13]}
c6 {[%clk 0:38:52]} 19. Re3 {[%clk 0:23:14]} Qf6 {[%clk 0:36:20]} 20. Rd1 {[%clk
0:22:17]} Ng5 {[%clk 0:33:52]} 21. Rg3 {[%clk 0:16:22]} Ra8 {[%clk 0:30:08]} 22.
h4 {[%clk 0:11:32]} Nh7 {[%clk 0:28:04]} 23. Nf3 {[%clk 0:07:49]} Nf8 {[%clk
0:22:13]} 24. Nxe5 {[%clk 0:04:44]} dxe5 {[%clk 0:22:12]} 25. Qg4 {[%clk
0:04:41]} Kh8 {[%clk 0:21:30]} 26. Rd6 {[%clk 0:04:20]} Be6 {[%clk 0:14:55]} 27.
fxe6 {[%clk 0:04:32]} fxe6 {[%clk 0:13:45]} 28. Rd1 {[%clk 0:03:44]} Qe7 {[%clk
0:11:57]} 29. Kh2 {[%clk 0:02:56]} Rad8 {[%clk 0:08:51]} 30. Rxd8 {[%clk
0:02:04]} Rxd8 {[%clk 0:09:08]} 31. Ne2 {[%clk 0:01:45]} Rd6 {[%clk 0:04:51]} 32.
Ng1 {[%clk 0:01:00]} Nh7 {[%clk 0:03:31]} 33. Nf3 {[%clk 0:00:47]} Qf6 {[%clk
0:03:16]} 34. Qg6 {[%clk 0:00:48]} Kg8 {[%clk 0:02:32]} 35. Qe8+ {[%clk 0:00:46]}
Nf8 {[%clk 0:02:18]} 36. Qh5 {[%clk 0:01:03]} Rd8 {[%clk 0:01:31]} 37. Qxe5
{[%clk 0:01:08]} Qe7 {[%clk 0:01:39]} 38. Qf4 {[%clk 0:01:05]} Kh7 {[%clk
0:01:43]} 39. Ne5 {[%clk 0:01:16]} Re8 {[%clk 0:01:21]} 40. Kh3 {[%clk 0:00:55]}
Qd8 {[%clk 0:00:58]} 41. Qf7 {[%clk 0:00:50]} Re7 {[%clk 0:01:12]} 42. Rxg7+
{[%clk 0:01:11]} Kh8 {[%clk 0:01:31]} 43. Rg8# {[%clk 0:01:30]} 1-0

[Event "Girls U12 Polish Youth Championship"]
[Site "chess24.com"]
[Date "2018.05.05"]
[Round "9"]
[White "Grzesik, Nikola"]
[Black "Roszkiewicz, Zofia"]
[Result "1/2-1/2"]
[Board "11"]
[WhiteElo "1313"]
[WhiteCountry "POL"]
[WhiteFideId "21816590"]
[WhiteEloChange "-2"]
[BlackElo "1257"]
[BlackCountry "POL"]
[BlackFideId "21837384"]
[BlackEloChange "2"]

1. e4 {[%clk 1:30:56]} c5 {[%clk 1:30:54]} 2. Nf3 {[%clk 1:31:19]} Nc6 {[%clk
1:31:20]} 3. d4 {[%clk 1:31:41]} cxd4 {[%clk 1:31:46]} 4. Nxd4 {[%clk 1:32:07]}
Nf6 {[%clk 1:32:08]} 5. Nc3 {[%clk 1:32:29]} d6 {[%clk 1:32:31]} 6. Be2 {[%clk
1:32:25]} e5 {[%clk 1:32:53]} 7. Nf3 {[%clk 1:31:46]} h6 {[%clk 1:33:13]} 8. h3
{[%clk 1:31:55]} Be7 {[%clk 1:33:32]} 9. O-O {[%clk 1:32:15]} O-O {[%clk
1:33:57]} 10. Be3 {[%clk 1:31:36]} Be6 {[%clk 1:30:44]} 11. Re1 {[%clk 1:27:57]}
d5 {[%clk 1:28:17]} 12. exd5 {[%clk 1:26:58]} Nxd5 {[%clk 1:28:34]} 13. Nxd5
{[%clk 1:26:03]} Qxd5 {[%clk 1:24:56]} 14. Qxd5 {[%clk 1:24:14]} Bxd5 {[%clk
1:25:17]} 15. a3 {[%clk 1:24:39]} Rad8 {[%clk 1:24:10]} 16. Rad1 {[%clk 1:23:30]}
Rfe8 {[%clk 1:18:36]} 17. c4 {[%clk 1:21:58]} Be6 {[%clk 1:18:39]} 18. b4 {[%clk
1:22:01]} Bf6 {[%clk 1:12:04]} 19. Nd2 {[%clk 1:10:09]} Nd4 {[%clk 1:10:21]} 20.
Rc1 {[%clk 0:58:42]} b6 {[%clk 1:06:35]} 21. c5 {[%clk 0:57:00]} Nf5 {[%clk
1:06:26]} 22. Ne4 {[%clk 0:56:08]} Be7 {[%clk 1:00:04]} 23. Bb5 {[%clk 0:53:44]}
Bd7 {[%clk 0:59:51]} 24. Bxd7 {[%clk 0:53:28]} Rxd7 {[%clk 1:00:10]} 25. c6
{[%clk 0:52:51]} Rc7 {[%clk 1:00:04]} 26. Rc3 {[%clk 0:51:12]} Nxe3 {[%clk
0:58:40]} 27. Rexe3 {[%clk 0:47:11]} b5 {[%clk 0:58:54]} 28. Red3 {[%clk
0:44:49]} a6 {[%clk 0:59:00]} 29. Rd7 {[%clk 0:44:03]} Rec8 {[%clk 0:59:09]} 30.
Rxc7 {[%clk 0:36:36]} Rxc7 {[%clk 0:59:32]} 31. Ng3 {[%clk 0:35:16]} f6 {[%clk
0:56:53]} 32. Nf5 {[%clk 0:15:52]} Kf7 {[%clk 0:57:05]} 33. Ne3 {[%clk 0:15:38]}
Ke6 {[%clk 0:57:08]} 34. Kf1 {[%clk 0:15:55]} g6 {[%clk 0:57:23]} 35. Ke2 {[%clk
0:14:45]} 1/2-1/2

[Event "Girls U12 Polish Youth Championship"]
[Site "chess24.com"]
[Date "2018.05.05"]
[Round "9"]
[White "Arciszewska, Zuzanna"]
[Black "Kuczynska, Katarzyna"]
[Result "0-1"]
[Board "12"]
[WhiteElo "1302"]
[WhiteCountry "POL"]
[WhiteFideId "21816549"]
[WhiteEloChange "-15"]
[BlackElo "1131"]
[BlackCountry "POL"]
[BlackFideId "21806390"]
[BlackEloChange "15"]

1. c4 {[%clk 1:30:56]} e5 {[%clk 1:30:51]} 2. Nc3 {[%clk 1:31:02]} d6 {[%clk
1:30:39]} 3. g3 {[%clk 1:30:17]} Be6 {[%clk 1:29:14]} 4. d3 {[%clk 1:29:44]} Nc6
{[%clk 1:26:33]} 5. Bg2 {[%clk 1:28:26]} f5 {[%clk 1:25:30]} 6. Nf3 {[%clk
1:27:15]} Nf6 {[%clk 1:24:30]} 7. O-O {[%clk 1:25:57]} Be7 {[%clk 1:23:06]} 8.
Bd2 {[%clk 1:23:42]} O-O {[%clk 1:23:01]} 9. Ng5 {[%clk 1:23:09]} Bd7 {[%clk
1:22:13]} 10. Nd5 {[%clk 1:22:27]} Kh8 {[%clk 1:17:35]} 11. Nxe7 {[%clk 1:20:16]}
Qxe7 {[%clk 1:17:53]} 12. Bc3 {[%clk 1:18:31]} h6 {[%clk 1:16:56]} 13. Nf3 {[%clk
1:18:42]} Rae8 {[%clk 1:14:50]} 14. Nd2 {[%clk 1:13:00]} f4 {[%clk 1:10:19]} 15.
Qb3 {[%clk 1:11:45]} b6 {[%clk 1:08:42]} 16. Ne4 {[%clk 1:04:49]} Nd8 {[%clk
1:03:20]} 17. Rac1 {[%clk 0:59:34]} Nxe4 {[%clk 1:00:59]} 18. Bxe4 {[%clk
0:59:52]} Bh3 {[%clk 1:00:54]} 19. Bg2 {[%clk 0:55:13]} Qd7 {[%clk 0:57:53]} 20.
Qc2 {[%clk 0:44:16]} Nf7 {[%clk 0:55:49]} 21. Rfe1 {[%clk 0:36:33]} Bxg2 {[%clk
0:54:05]} 22. Kxg2 {[%clk 0:36:54]} Ng5 {[%clk 0:53:55]} 23. Rg1 {[%clk 0:13:08]}
Qh3+ {[%clk 0:52:03]} 24. Kh1 {[%clk 0:13:27]} f3 {[%clk 0:51:27]} 25. e4 {[%clk
0:13:12]} Nh7 {[%clk 0:43:17]} 26. Qd1 {[%clk 0:12:41]} h5 {[%clk 0:40:08]} 27.
Qf1 {[%clk 0:12:13]} Ng5 {[%clk 0:38:44]} 28. Bd2 {[%clk 0:11:25]} Qxf1 {[%clk
0:38:47]} 29. Rgxf1 {[%clk 0:11:45]} Ne6 {[%clk 0:38:11]} 30. b4 {[%clk 0:11:13]}
Nd4 {[%clk 0:37:29]} 31. Be3 {[%clk 0:10:59]} Ne2 {[%clk 0:37:36]} 32. Rc2 {[%clk
0:10:55]} Re6 {[%clk 0:35:59]} 33. a4 {[%clk 0:10:32]} h4 {[%clk 0:33:27]} 34. c5
{[%clk 0:08:36]} h3 {[%clk 0:30:16]} 35. Ra1 {[%clk 0:08:21]} Rb8 {[%clk
0:27:42]} 36. cxb6 {[%clk 0:07:21]} cxb6 {[%clk 0:26:04]} 37. Rc7 {[%clk
0:07:27]} a5 {[%clk 0:25:12]} 38. b5 {[%clk 0:07:34]} Nd4 {[%clk 0:25:18]} 39.
Bxd4 {[%clk 0:07:50]} exd4 {[%clk 0:25:03]} 40. Rac1 {[%clk 0:07:11]} d5 {[%clk
0:24:47]} 41. exd5 {[%clk 0:06:53]} Re2 {[%clk 0:23:10]} 42. Kg1 {[%clk 0:07:15]}
Rbe8 {[%clk 0:23:06]} 43. Kf1 {[%clk 0:06:35]} Ra2 {[%clk 0:20:51]} 44. Rc8
{[%clk 0:05:41]} Rxc8 {[%clk 0:20:29]} 45. Rxc8+ {[%clk 0:06:01]} Kh7 {[%clk
0:20:54]} 46. Rc1 {[%clk 0:06:26]} Kg6 {[%clk 0:20:18]} 47. d6 {[%clk 0:06:07]}
Kf7 {[%clk 0:20:16]} 48. Re1 {[%clk 0:06:29]} Re2 {[%clk 0:20:10]} 49. Rxe2
{[%clk 0:06:51]} fxe2+ {[%clk 0:20:35]} 50. Kxe2 {[%clk 0:07:07]} Ke6 {[%clk
0:20:59]} 51. Kf3 {[%clk 0:05:16]} Kxd6 {[%clk 0:21:23]} 52. Ke4 {[%clk 0:05:35]}
Kc5 {[%clk 0:21:37]} 53. f4 {[%clk 0:05:49]} Kb4 {[%clk 0:21:49]} 54. Kxd4 {[%clk
0:06:07]} Kb3 {[%clk 0:21:51]} 55. Ke5 {[%clk 0:06:17]} Kxa4 {[%clk 0:22:06]} 56.
d4 {[%clk 0:06:39]} Kxb5 {[%clk 0:21:49]} 57. d5 {[%clk 0:07:03]} a4 {[%clk
0:22:13]} 58. d6 {[%clk 0:07:07]} a3 {[%clk 0:22:35]} 59. d7 {[%clk 0:07:09]} a2
{[%clk 0:22:56]} 60. d8Q {[%clk 0:04:12]} a1Q+ {[%clk 0:23:15]} 61. Ke4 {[%clk
0:03:56]} Qb1+ {[%clk 0:22:10]} 62. Qd3+ {[%clk 0:03:19]} Qxd3+ {[%clk 0:22:24]}
63. Kxd3 {[%clk 0:03:48]} Kc5 {[%clk 0:21:38]} 64. g4 {[%clk 0:03:34]} Kd5 {[%clk
0:21:59]} 65. g5 {[%clk 0:03:28]} g6 {[%clk 0:21:31]} 66. f5 {[%clk 0:03:26]}
gxf5 {[%clk 0:21:51]} 67. Ke3 {[%clk 0:03:35]} Ke5 {[%clk 0:22:02]} 0-1

[Event "Girls U12 Polish Youth Championship"]
[Site "chess24.com"]
[Date "2018.05.05"]
[Round "9"]
[White "Bukala, Weronika"]
[Black "Giemza, Julia"]
[Result "0-1"]
[Board "13"]
[WhiteElo "1255"]
[WhiteCountry "POL"]
[WhiteFideId "21859515"]
[WhiteEloChange "-12"]
[BlackElo "1195"]
[BlackCountry "POL"]
[BlackFideId "21872112"]
[BlackEloChange "12"]

1. d4 {[%clk 1:30:42]} Nf6 {[%clk 1:30:52]} 2. Bg5 {[%clk 1:30:45]} d5 {[%clk
1:28:40]} 3. c4 {[%clk 1:30:07]} h6 {[%clk 1:27:23]} 4. Bh4 {[%clk 1:28:55]} e6
{[%clk 1:26:13]} 5. Nc3 {[%clk 1:27:50]} Bb4 {[%clk 1:23:29]} 6. Nf3 {[%clk
1:26:34]} O-O {[%clk 1:17:04]} 7. e3 {[%clk 1:24:41]} b6 {[%clk 1:12:20]} 8. cxd5
{[%clk 1:20:28]} exd5 {[%clk 1:11:01]} 9. Bd3 {[%clk 1:17:58]} Bb7 {[%clk
1:08:54]} 10. O-O {[%clk 1:16:52]} Bxc3 {[%clk 1:04:59]} 11. bxc3 {[%clk
1:15:37]} Qe7 {[%clk 1:04:02]} 12. Rc1 {[%clk 1:09:53]} Nc6 {[%clk 0:59:06]} 13.
Re1 {[%clk 1:07:53]} Qe6 {[%clk 0:55:58]} 14. c4 {[%clk 0:56:31]} Nb4 {[%clk
0:50:12]} 15. Bxf6 {[%clk 0:33:40]} Qxf6 {[%clk 0:48:04]} 16. cxd5 {[%clk
0:22:52]} Nxd3 {[%clk 0:45:33]} 17. Qxd3 {[%clk 0:22:47]} Bxd5 {[%clk 0:45:29]}
18. Ne5 {[%clk 0:19:12]} Qg5 {[%clk 0:40:04]} 19. e4 {[%clk 0:16:59]} Bxa2 {[%clk
0:38:17]} 20. Rxc7 {[%clk 0:16:38]} Rfc8 {[%clk 0:34:35]} 21. Rxc8+ {[%clk
0:14:26]} Rxc8 {[%clk 0:34:38]} 22. Qa3 {[%clk 0:12:00]} Qd2 {[%clk 0:32:41]} 23.
Nf3 {[%clk 0:11:29]} Qa5 {[%clk 0:29:50]} 24. Qxa5 {[%clk 0:11:12]} bxa5 {[%clk
0:30:02]} 25. h3 {[%clk 0:11:26]} a4 {[%clk 0:29:46]} 26. Ra1 {[%clk 0:11:11]}
Bb3 {[%clk 0:29:37]} 27. Kf1 {[%clk 0:10:02]} Bc2 {[%clk 0:28:58]} 28. e5 {[%clk
0:06:50]} Rc3 {[%clk 0:27:39]} 29. Ne1 {[%clk 0:06:14]} Bb3 {[%clk 0:27:18]} 30.
Ke2 {[%clk 0:05:56]} Rc6 {[%clk 0:26:34]} 31. Nd3 {[%clk 0:05:26]} Rc2+ {[%clk
0:25:47]} 32. Ke3 {[%clk 0:04:56]} Rc3 {[%clk 0:25:01]} 33. Kd2 {[%clk 0:05:04]}
Rc2+ {[%clk 0:24:51]} 34. Ke3 {[%clk 0:05:26]} Ra2 {[%clk 0:24:12]} 35. Rxa2
{[%clk 0:03:43]} Bxa2 {[%clk 0:24:36]} 36. Kd2 {[%clk 0:03:45]} Kf8 {[%clk
0:23:07]} 37. Nb4 {[%clk 0:03:22]} Bc4 {[%clk 0:22:51]} 38. g3 {[%clk 0:02:32]}
a6 {[%clk 0:22:16]} 39. Kc3 {[%clk 0:02:41]} Bb5 {[%clk 0:22:28]} 40. Nd5 {[%clk
0:02:25]} Ke8 {[%clk 0:21:43]} 41. Kb4 {[%clk 0:02:22]} Kd7 {[%clk 0:21:05]} 42.
Nb6+ {[%clk 0:01:30]} Kc6 {[%clk 0:20:54]} 43. Nxa4 {[%clk 0:01:43]} Bxa4 {[%clk
0:21:15]} 44. Kxa4 {[%clk 0:02:09]} Kd5 {[%clk 0:21:40]} 45. Ka5 {[%clk 0:02:26]}
Kxd4 {[%clk 0:21:47]} 46. Kxa6 {[%clk 0:02:44]} Kxe5 {[%clk 0:22:14]} 47. f4+
{[%clk 0:02:54]} Ke4 {[%clk 0:22:33]} 48. Kb5 {[%clk 0:03:16]} Kf3 {[%clk
0:22:53]} 49. g4 {[%clk 0:03:25]} Kxf4 {[%clk 0:23:18]} 50. Kc4 {[%clk 0:03:50]}
Kg3 {[%clk 0:23:32]} 51. Kd3 {[%clk 0:04:05]} Kxh3 {[%clk 0:23:53]} 52. Ke2
{[%clk 0:04:22]} Kxg4 {[%clk 0:24:15]} 53. Kf1 {[%clk 0:04:44]} f5 {[%clk
0:24:41]} 54. Kg2 {[%clk 0:05:05]} g5 {[%clk 0:25:05]} 55. Kh2 {[%clk 0:05:24]}
Kf3 {[%clk 0:25:12]} 56. Kg1 {[%clk 0:05:33]} Ke2 {[%clk 0:25:31]} 57. Kh2 {[%clk
0:05:47]} f4 {[%clk 0:25:57]} 58. Kg2 {[%clk 0:06:07]} f3+ {[%clk 0:26:24]} 59.
Kg3 {[%clk 0:06:13]} f2 {[%clk 0:26:48]} 60. Kh2 {[%clk 0:06:17]} g4 {[%clk
0:26:35]} 61. Kg3 {[%clk 0:06:16]} f1Q {[%clk 0:26:45]} 62. Kh4 {[%clk 0:06:38]}
h5 {[%clk 0:26:41]} 63. Kg3 {[%clk 0:06:53]} Qh3+ {[%clk 0:26:47]} 64. Kf4 {[%clk
0:07:04]} g3 {[%clk 0:26:39]} 65. Kg5 {[%clk 0:07:21]} g2 {[%clk 0:26:42]} 66.
Kf4 {[%clk 0:07:44]} Qg4+ {[%clk 0:27:03]} 67. Ke5 {[%clk 0:08:01]} g1Q {[%clk
0:27:21]} 68. Kd5 {[%clk 0:08:26]} Q1d4+ {[%clk 0:27:37]} 69. Kc6 {[%clk
0:08:37]} Qgd7# {[%clk 0:29:49]} 0-1